000 00617cac a2200193 a 4500
003 CO-PeBPM
005 20251209211926.0
008 231129e1998||||xx |||||||||||||| ||spa||
020 _a970652035X
040 0 _aCO-PeBPM
_bspa
_cCO-PeBPM
_erda
041 0 _aspa
082 0 4 _a302.3 C764c
100 1 _aContreras, Juan Manuel
_eautor
245 1 0 _aCómo trabajar en grupo
_b: Introducción a la dinámica de grupos
_c/ Juan Manuel Contreras
260 _aMéxico
_bEdiciones Dabar
_c1998
300 _a139 Páginas
_c; 21 Centímetros
500 _aIncluye índice
942 _2ddc
_cBK
999 _c7704
_d7704